| 000 | 00847aab a2200193 i 4500 | ||
|---|---|---|---|
| 001 | 768714001 | ||
| 003 | CO-MdFUSB | ||
| 005 | 20240422105947.0 | ||
| 008 | 240411t1985 ag ||||| |||| 00| 0 spa d | ||
| 040 |
_bspa _cCO-MdFUSB |
||
| 041 | _aspa | ||
| 100 | 1 |
_aPadilla, C. René _eautor |
|
| 245 | 1 | 0 |
_aMisión y derechos humanos _c/ C. René Padilla |
| 300 |
_aVolumen 4, número 2 (junio, 1985), páginas: 40 -41 _c; 27 cm |
||
| 520 | _aLos cristianos ahora deben comprender las implicaciones éticas del Evangelio y reconocer la importancia de los derechos humanos como un aspecto crucial de su misión. La ausencia de pruebas objetivas de la fe también es un aspecto mortal. | ||
| 650 | 7 |
_aDerechos humanos _9296 |
|
| 773 | 0 |
_tIglesia y Misión _049402 _959687 _gVolumen 4, número 2 (junio, 1985), páginas: 40 -41 _qpágina: 40 |
|
| 942 | _cANA | ||
| 999 |
_c51570 _d51570 |
||